| 000 | 00660nam a2200217 a 4500 | ||
|---|---|---|---|
| 001 | 000021999 | ||
| 005 | 20200930011534.0 | ||
| 008 | 100915s1993 sp r 000 j spa d | ||
| 020 | _a8423322629 | ||
| 040 |
_aDO-SdBNP _bspa _cBNPHU |
||
| 082 |
_a849.9 _bP181e |
||
| 100 | 1 |
_aPalol, Miguel de, _c1953- _945598 |
|
| 245 | 1 | 0 |
_aEntre las hélices / _cMiguel de Palol ; traducción de Paulina Fariza. |
| 260 |
_aBarcelona : _bDestino, _c1993. |
||
| 300 |
_a212, [4] p. ; _c20 cm. |
||
| 490 | 1 |
_aÁncora y delfín _v701 |
|
| 650 | 4 |
_aCuentos catalanes _945599 |
|
| 650 | 4 |
_aLiteratura catalana _93128 |
|
| 830 | 0 |
_aÁncora y delfín ; _v701 _94704 |
|
| 049 | _aBNGR | ||
| 999 |
_c21497 _d21497 |
||